00628nam a2200193Ia 4500003000900000008004100009040001600050080001500066100002300081245010400104260003400208300001600242650003000258650001400288650001900302942000700321999001500328952009100343IN-BaIIA211028s9999 xx 000 0 eng d cIIA Library a531bAPP-5 aAppell, Paul92618 0aTraite de mecanique rationnellebvol. VcPaul Appell  aParisbGauthier Villarsc1945 aviii, 198p. aClassical Mechanics91541 aMechanics aNASA Thesaurus cBK c1246d1246 00104070aBANbKODcGENd0000-00-00l0o531/ APP-5p1318r2021-11-05w0000-00-00yBK